|
|
|
|
| LEADER |
02002ncm a2200601 i 4500 |
| 001 |
nkc20162850840 |
| 003 |
CZ PrNK |
| 005 |
20260326111111.0 |
| 007 |
qu |
| 008 |
161104t20162016xr zzl g nn zxx |
| 015 |
|
|
|a cnb002850840
|
| 024 |
2 |
|
|a 979-0-9004036-0-5
|q (brožováno)
|
| 040 |
|
|
|a BOA001
|b cze
|d ABA001
|e rda
|
| 043 |
|
|
|a e-xr---
|
| 045 |
|
|
|a x-y-
|
| 048 |
|
|
|a tb01
|
| 048 |
|
|
|a tb02
|
| 072 |
|
7 |
|a 787
|x Hudba pro strunné a smyčcové nástroje
|2 Konspekt
|9 9
|
| 080 |
|
|
|a 78.083.088
|2 MRF
|
| 080 |
|
|
|a 78.083
|2 MRF
|
| 080 |
|
|
|a 78.088
|2 MRF
|
| 080 |
|
|
|a 78.089.6
|2 MRF
|
| 080 |
|
|
|a (075)78
|2 MRF
|
| 100 |
1 |
|
|a Veselý, Jan Kuře,
|d 1956-
|7 pna2007403566
|4 aut
|
| 245 |
1 |
0 |
|a Kytarová škola /
|c Jan Kuře Veselý
|
| 246 |
1 |
4 |
|a Nová škola hry na klasickou kytaru
|
| 264 |
|
1 |
|a V Ústí nad Labem :
|b AOS Publishing,
|c 2016
|
| 264 |
|
4 |
|c ©2016
|
| 300 |
|
|
|a 145 stran ;
|c 30 cm +
|e 1 CD audio
|
| 336 |
|
|
|a zápis hudby
|b ntm
|2 rdacontent
|
| 336 |
|
|
|a hraná hudba
|b prm
|2 rdacontent
|
| 337 |
|
|
|a bez média
|b n
|2 rdamedia
|
| 337 |
|
|
|a audio
|b s
|2 rdamedia
|
| 338 |
|
|
|a svazek
|b nc
|2 rdacarrier
|
| 338 |
|
|
|a audiodisk
|b sd
|2 rdacarrier
|
| 382 |
0 |
1 |
|a kytara
|n 1
|s 1
|
| 648 |
|
7 |
|a 20.-21. století
|7 ch462155
|2 czenas
|
| 650 |
0 |
7 |
|a hra na kytaru
|7 ph135166
|z Česko
|y 20.-21. století
|2 czenas
|
| 650 |
0 |
9 |
|a guitar playing
|z Czechia
|y 20th-21st centuries
|2 eczenas
|
| 655 |
|
7 |
|a drobné skladby
|7 fd980066
|2 czenas
|
| 655 |
|
7 |
|a aranžmá (hudba)
|7 fd980034
|2 czenas
|
| 655 |
|
7 |
|a partitury
|7 fd185981
|2 czenas
|
| 655 |
|
7 |
|a učebnice hudebních škol
|7 fd201986
|2 czenas
|
| 655 |
|
9 |
|a small music pieces
|2 eczenas
|
| 655 |
|
9 |
|a arrangement (music)
|2 eczenas
|
| 655 |
|
9 |
|a scores
|2 eczenas
|
| 655 |
|
9 |
|a textbooks (music schools)
|2 eczenas
|
| 910 |
2 |
|
|a BOA001
|b Mus4-1378.080
|
| 990 |
|
|
|a MU
|
| 995 |
|
|
|a 01
|
| 991 |
|
|
|b 201612
|c NOV
|
| 925 |
|
|
|a kytara
|b Guit
|
| 996 |
6 |
|
|b 2610689584
|c Mus4-1378.080
|l MZK
|r Sklad / do 1 hodiny
|n 3
|p p.v.
|w 001590374
|u 000010
|a 1
|e BOA001
|j MZK50
|s P
|